| 000 | 02077nam a2200541 c 4500 | ||
|---|---|---|---|
| 001 | 51790 | ||
| 003 | ES-MaCES | ||
| 005 | 20250526142702.0 | ||
| 007 | cr ||||||||||| | ||
| 008 | 210507s2020 sp 000 ||spa d | ||
| 017 |
_aNA 1894-2020 _bDL |
||
| 020 | _a9788413459653 | ||
| 020 | _a9788491347361 (Universitat de València) | ||
| 020 | _a9788413459677 (electrónico) | ||
| 040 |
_aES-MaCES _bspa _cES-MaCES |
||
| 245 | 0 | 3 |
_aLa desconexión digital en el trabajo _cDaniel Toscani Giménez, Francisco Trujillo Pons, dirs. ; autores, Fabián Valero Moldes ... [et al.] |
| 250 | _a1ª ed | ||
| 260 |
_aCizur Menor (Navarra) _bAranzadi-Thomson Reuters |
||
| 260 |
_aValencia _bUniversitat de València _c2020 |
||
| 300 |
_a346 p. _c24 cm |
||
| 490 | 1 | _aEstudios | |
| 500 | _a Publicación en formato DÚO (papel + libro ectrónico). Disponible en formato electrónico mediante la aplicación PROVIEW | ||
| 504 | _aBibliografía: p. 327-346 | ||
| 541 | _cCompra | ||
| 650 | 4 |
_anuevas tecnologías _930788 |
|
| 650 | 4 |
_atecnología de la información _930104 |
|
| 650 | 4 |
_ateletrabajo _929568 |
|
| 650 | 4 |
_aperíodo de descanso _928339 |
|
| 650 | 4 |
_avida privada _929238 |
|
| 650 | 4 |
_apoder empresarial _930600 |
|
| 650 | 4 |
_aadministración de personal _928216 |
|
| 650 | 4 |
_aseguridad en el trabajo _928348 |
|
| 650 | 4 |
_asalud en el trabajo _928347 |
|
| 650 | 4 |
_afatiga _928341 |
|
| 650 | 4 |
_aderechos de los trabajadores _929924 |
|
| 650 | 4 |
_aderecho del trabajo _927165 |
|
| 650 | 4 |
_aEspaña _926964 |
|
| 650 | 4 |
_arégimen jurídico _929894 |
|
| 653 | 1 | 0 | _aDerecho del trabajo y Seguridad Social |
| 700 | 1 |
_925101 _aToscani Giménez, Daniel _edir. |
|
| 700 | 1 |
_936120 _aTrujillo Pons, Francisco _edir. |
|
| 700 | 1 |
_939946 _aValero Moldes, Fabián |
|
| 710 | 2 |
_95337 _aUniversidad de Valencia _eed. |
|
| 830 | 0 |
_aEstudios (Thomson Reuters-Aranzadi) _934937 |
|
| 856 | 4 |
_uhttps://legalteca.aranzadilaley.es/my-library?sponsor=82111144-IP _yLegalteca |
|
| 902 | _aLIB Libro | ||
| 942 |
_2CES _cBK _h6.0.1. |
||
| 999 |
_c51790 _d51790 |
||